[Event "CRO Team Cup"]
[Site "Mali Losinj"]
[Date "2017.05.10"]
[Round "1.64"]
[White "Bozinovic, Bogdan"]
[Black "Stojkovic, Andreja"]
[Result "1-0"]
[WhiteElo "1939"]
[BlackElo "2241"]
[PlyCount "117"]
[EventDate "2017.??.??"]
[WhiteClock "1:30:00"]
[BlackClock "0:04:56"]

1. d4 f5 2. Bg5 g6 3. Nc3 Bg7 4. e4 fxe4 5. Nxe4 d5 6. Ng3 Nf6 7. Nf3 Nbd7 8.
Bd3 c5 9. c3 cxd4 10. cxd4 Qa5+ 11. Bd2 Qb6 12. Bc3 O-O 13. O-O Bh6 14. Re1 Re8
15. Re2 a6 16. Qe1 Qd8 17. Bb4 Kf7 18. Bd2 Bxd2 19. Qxd2 Nf8 20. Rae1 Qd6 21.
h3 Kg7 22. Re5 Bd7 23. Qe3 e6 24. Ne2 Rac8 25. Nf4 Qb4 26. Ng5 Rc6 27. Re2 Qb6
28. Nf3 Qc7 29. Rg5 Rc1+ 30. Kh2 h6 31. Rg3 Bb5 32. Nxg6 Ng4+ 33. hxg4 Bxd3 34.
Nxf8 Bxe2 35. Nxe6+ Rxe6 36. Qxe6 Bxf3 37. gxf3 Qc2 38. Qe5+ Kg6 39. Rg2 Qd1
40. Kg3 Rc4 41. Rh2 Qg1+ 42. Rg2 Qd1 43. Qf5+ Kg7 44. Qxd5 Qxd4 45. Qxd4+ Rxd4
46. f4 b5 47. f3 a5 48. Re2 a4 49. a3 Rd3 50. Re4 Rd2 51. Rb4 Rd5 52. f5 Kf6
53. Kf4 Re5 54. Re4 Rc5 55. Re6+ Kg7 56. Re5 Rc4+ 57. Kg3 b4 58. Re4 bxa3 59.
bxa3 1-0

[Event "CRO Team Cup"]
[Site "Mali Losinj"]
[Date "2017.05.10"]
[Round "1.71"]
[White "Sprenger, Jan Michael"]
[Black "Boric, Muhamed"]
[Result "1-0"]
[WhiteElo "2520"]
[BlackElo "2381"]
[PlyCount "79"]
[EventDate "2017.??.??"]

1. e4 e5 2. Nf3 Nc6 3. d4 exd4 4. Nxd4 Bc5 5. Nxc6 Qf6 6. Qf3 bxc6 7. Nd2 Qxf3
8. gxf3 Nf6 9. Nb3 Bd6 10. Be3 O-O 11. O-O-O Nh5 12. c4 a5 13. c5 Be5 14. Nd2
d5 15. cxd6 cxd6 16. Nc4 Be6 17. Nxd6 Rfb8 18. Rd2 g6 19. Nc4 Bc7 20. Rc2 Nf6
21. h4 a4 22. Bh3 Bxc4 23. Rxc4 Be5 24. Rc2 Nh5 25. Bd7 Ra6 26. Rd1 Nf4 27.
Rdd2 Ng2 28. Rc5 Bg7 29. f4 Nxe3 30. fxe3 a3 31. b3 Rbb6 32. e5 Bf8 33. Rc4
Rxb3 34. axb3 a2 35. Rxa2 Rxa2 36. Bxc6 Re2 37. Bd5 Ba3+ 38. Kb1 Rxe3 39. Rc7
Kg7 40. Rxf7+ 1-0

[Event "CRO Team Cup"]
[Site "Mali Losinj"]
[Date "2017.05.10"]
[Round "1.72"]
[White "Cenkovcan, Andrija"]
[Black "Rade, Miroslav"]
[Result "0-1"]
[WhiteElo "2039"]
[BlackElo "2434"]
[PlyCount "110"]
[EventDate "2017.??.??"]

1. e4 e5 2. Nf3 Nc6 3. Bc4 Bc5 4. c3 Nf6 5. d3 a6 6. O-O d6 7. h3 h6 8. Re1 O-O
9. Nbd2 Na5 10. b4 Nxc4 11. bxc5 Nxd2 12. Qxd2 b6 13. cxd6 cxd6 14. Ba3 Qc7 15.
Rab1 b5 16. c4 Be6 17. Rbc1 bxc4 18. d4 exd4 19. Nxd4 Rfe8 20. Nxe6 Rxe6 21.
Qd4 Rc8 22. f4 Qc6 23. e5 dxe5 24. fxe5 Nd7 25. Re4 Qa4 26. Bb2 Nb6 27. Re3 Qc6
28. Rd1 Rc7 29. Qd8+ Re8 30. Qd6 Na4 31. Bc3 Rcc8 32. Rg3 Re6 33. Qb4 Nxc3 34.
Qxc3 Qc5+ 35. Rd4 Rxe5 36. Kh2 Rg5 37. Rdg4 Rxg4 38. Rxg4 g6 39. Kh1 Qf5 40.
Kh2 Qe6 41. Rh4 h5 42. Rf4 a5 43. Kh1 Qd5 44. Rd4 Qf5 45. a3 Qf6 46. Kg1 Kh7
47. Kh1 Qe5 48. Kg1 a4 49. Kf2 Rc6 50. Kg1 Qf6 51. Kh1 Rd6 52. Rxc4 Rd1+ 53.
Kh2 Qd6+ 54. g3 Qd5 55. g4 h4 0-1

[Event "CRO Team Cup"]
[Site "Mali Losinj"]
[Date "2017.05.10"]
[Round "1.73"]
[White "Ljubicic, Filip"]
[Black "Livaic, Damir"]
[Result "1-0"]
[WhiteElo "2385"]
[BlackElo "2020"]
[PlyCount "131"]
[EventDate "2017.??.??"]

1. e4 c6 2. Nf3 d5 3. Nc3 dxe4 4. Nxe4 Nf6 5. Qe2 Nxe4 6. Qxe4 Qd5 7. Qe3 Qe6
8. b3 Qxe3+ 9. fxe3 f6 10. Bb2 Be6 11. O-O-O Nd7 12. d4 O-O-O 13. Kb1 Bf7 14.
Bd3 e6 15. e4 g5 16. d5 e5 17. Rhf1 Bg6 18. dxc6 bxc6 19. Bc4 Bxe4 20. Be6 Bd5
21. Bxd5 cxd5 22. Rxd5 Nb6 23. Rxd8+ Kxd8 24. Nd2 Bg7 25. Ne4 Ke7 26. Ba3+ Ke6
27. Rd1 Kf5 28. Ng3+ Kg6 29. c4 Nc8 30. Rd7 Bf8 31. Bb2 Bc5 32. Ne4 Bg1 33. h3
Kf5 34. Nc3 Ke6 35. Rc7 h5 36. Rc6+ Kf5 37. Nd5 Ke4 38. Rxf6 g4 39. Nc3+ Ke3
40. Kc2 gxh3 41. gxh3 Bh2 42. Bc1+ Kd4 43. Rf2 Bf4 44. Ne2+ Ke4 45. Nxf4 exf4
46. Rxf4+ Ke5 47. Rh4 Kf5 48. Rd4 Re8 49. Rd5+ Ke4 50. Rxh5 Kf3 51. Rd5 Re2+
52. Rd2 Re1 53. Rd3+ Ke4 54. Rd8 Ne7 55. Ra8 Kf5 56. Ba3 Re2+ 57. Kd3 Rxa2 58.
Bxe7 Rh2 59. h4 Rh3+ 60. Kc2 Re3 61. Rf8+ Ke6 62. Bc5 Rh3 63. Bxa7 Rxh4 64. Rd8
Rh7 65. Bc5 Rh5 66. b4 1-0

[Event "CRO Team Cup"]
[Site "Mali Losinj"]
[Date "2017.05.10"]
[Round "1.74"]
[White "Radikovic, Anamarija"]
[Black "Krnic, Ivan"]
[Result "0-1"]
[WhiteElo "1905"]
[BlackElo "2111"]
[PlyCount "64"]
[EventDate "2017.??.??"]

1. d4 g6 2. e4 Bg7 3. f4 c6 4. Nf3 d5 5. e5 Nh6 6. c4 O-O 7. Nc3 dxc4 8. Bxc4
Bg4 9. Be3 Nf5 10. Bf2 Bxf3 11. gxf3 e6 12. Qd2 Nd7 13. O-O-O Nb6 14. Bb3 Nd5
15. Ne4 a5 16. Ng3 a4 17. Bc2 Qe7 18. Be4 Rfc8 19. Nxf5 exf5 20. Bxd5 cxd5+ 21.
Kb1 Rc4 22. Rc1 b5 23. Be1 Bf8 24. Rg1 Qb7 25. Bh4 Qb6 26. Rcd1 b4 27. Qd3 Qe6
28. Rd2 Rac8 29. Rdg2 Qc6 30. Qd1 b3 31. axb3 axb3 32. Rd2 Qa4 0-1

[Event "CRO Team Cup"]
[Site "Mali Losinj"]
[Date "2017.05.10"]
[Round "1.81"]
[White "Vidovic, Mario"]
[Black "Zovko, Mario"]
[Result "1/2-1/2"]
[WhiteElo "2242"]
[BlackElo "2325"]
[PlyCount "38"]
[EventDate "2017.??.??"]

1. e4 e6 2. d4 d5 3. exd5 exd5 4. Nf3 Nf6 5. Bd3 Bd6 6. Qe2+ Qe7 7. Qxe7+ Kxe7
8. c3 Re8 9. O-O h6 10. Re1+ Kf8 11. Rxe8+ Kxe8 12. Nbd2 Be6 13. h3 Nbd7 14.
Nf1 c6 15. Be3 Nf8 16. Ng3 Bxg3 17. fxg3 Ne4 18. Kh2 f6 19. Nd2 Nxd2 1/2-1/2

[Event "CRO Team Cup"]
[Site "Mali Losinj"]
[Date "2017.05.10"]
[Round "1.82"]
[White "Mrdja, Milan"]
[Black "Vidovic, Sasa"]
[Result "1/2-1/2"]
[WhiteElo "2299"]
[BlackElo "2299"]
[PlyCount "35"]
[EventDate "2017.??.??"]

1. Nf3 Nf6 2. g3 d6 3. Bg2 e5 4. d3 c5 5. O-O Nc6 6. c4 Be7 7. Nc3 O-O 8. Ne1
Bd7 9. Nc2 a6 10. a3 Rb8 11. Rb1 b5 12. b4 Nd4 13. Bg5 bxc4 14. dxc4 Bf5 15. e4
Bg6 16. Bxf6 Bxf6 17. Nxd4 exd4 18. Nd5 1/2-1/2

[Event "CRO Team Cup"]
[Site "Mali Losinj"]
[Date "2017.05.10"]
[Round "1.91"]
[White "Lalic, Bogdan"]
[Black "Popovic, Ivo"]
[Result "1-0"]
[WhiteElo "2449"]
[BlackElo "2172"]
[PlyCount "83"]
[EventDate "2017.??.??"]

1. d4 Nf6 2. c4 c5 3. d5 b5 4. cxb5 a6 5. bxa6 g6 6. Nc3 Bxa6 7. e4 Bxf1 8.
Kxf1 d6 9. g3 Bg7 10. Kg2 Nbd7 11. Nf3 O-O 12. a4 Qb6 13. Qe2 Qa6 14. Nb5 Rfb8
15. Ra3 Qb7 16. Bd2 Nb6 17. b3 Rc8 18. Bc3 Nbd7 19. Nd2 Ne8 20. Bxg7 Kxg7 21.
Nb1 Nc7 22. N1c3 Nxb5 23. Nxb5 Ra5 24. Qb2+ Kg8 25. h4 h5 26. Qc3 Rca8 27. Raa1
Nf6 28. Nxd6 exd6 29. Qxf6 Qxb3 30. Qxd6 c4 31. Ra3 Qb2 32. Rf3 Qd4 33. Qf4
R5a7 34. d6 Re8 35. Re1 Re5 36. Rd1 Qxd1 37. Qxe5 Qxa4 38. Qd5 Qd7 39. e5 Ra4
40. Rf6 Kg7 41. e6 fxe6 42. Rxe6 1-0

[Event "CRO Team Cup"]
[Site "Mali Losinj"]
[Date "2017.05.10"]
[Round "1.92"]
[White "Miskovic, Bozo"]
[Black "Plenkovic, Zdenko"]
[Result "0-1"]
[WhiteElo "2029"]
[BlackElo "2413"]
[PlyCount "88"]
[EventDate "2017.??.??"]

1. Nf3 c5 2. c4 g6 3. g3 Bg7 4. Bg2 Nc6 5. Nc3 e5 6. e4 Nge7 7. d3 d6 8. Bg5 f6
9. Be3 O-O 10. Qd2 a6 11. O-O Rb8 12. Bh6 b5 13. Bxg7 Kxg7 14. b3 Qa5 15. Rfb1
Nd4 16. Rc1 Bg4 17. Nxd4 cxd4 18. Nb1 Qb6 19. Na3 Be6 20. Kh1 Rfc8 21. Nc2 a5
22. Na3 bxc4 23. Nxc4 Bxc4 24. dxc4 a4 25. Rab1 axb3 26. axb3 Qb4 27. Qd3 Rc5
28. Bh3 Nc6 29. Bd7 Na5 30. Bb5 Rc7 31. Rc2 Nb7 32. Qd2 Qxd2 33. Rxd2 Nc5 34.
f3 f5 35. b4 Ne6 36. exf5 gxf5 37. Ra2 d3 38. Ra6 Nd4 39. Rxd6 Rxb5 40. Rd1
Rxc4 41. Rxd3 Rbxb4 42. Rd1 Rc2 43. Ra1 Rb7 44. f4 Nf3 0-1

[Event "CRO Team Cup"]
[Site "Mali Losinj"]
[Date "2017.05.10"]
[Round "1.93"]
[White "Loncar, Robert"]
[Black "Cecuk, Marijo"]
[Result "1-0"]
[WhiteElo "2356"]
[BlackElo "2058"]
[PlyCount "47"]
[EventDate "2017.??.??"]

1. d4 d5 2. c4 c6 3. Nf3 Nf6 4. e3 e6 5. Bd3 Be7 6. O-O Nbd7 7. Nbd2 a6 8. e4
dxe4 9. Nxe4 Nxe4 10. Bxe4 Nf6 11. Bc2 O-O 12. Bg5 g6 13. Qd2 Nh5 14. Bh6 Ng7
15. Rad1 Bf6 16. Qe3 Re8 17. g4 Bd7 18. Qf4 b5 19. Ne5 Ra7 20. Rd3 Rf8 21. Rf3
Be7 22. Bxg7 Kxg7 23. Nxf7 Qb8 24. Qh6+ 1-0

[Event "CRO Team Cup"]
[Site "Mali Losinj"]
[Date "2017.05.10"]
[Round "1.94"]
[White "Saric, Branko"]
[Black "Doric, Nenad"]
[Result "0-1"]
[WhiteElo "1879"]
[BlackElo "2259"]
[PlyCount "76"]
[EventDate "2017.??.??"]

1. d4 d5 2. Nf3 Nf6 3. Bf4 c5 4. c3 Nc6 5. e3 Qb6 6. Qc2 g6 7. Nbd2 Bg7 8. dxc5
Qxc5 9. Bd3 Nh5 10. Nb3 Qb6 11. Bg5 O-O 12. O-O h6 13. Bh4 e5 14. Be2 Be6 15.
Nfd2 Nf6 16. e4 Nxe4 17. Nxe4 dxe4 18. Kh1 f5 19. f3 exf3 20. Bxf3 e4 21. Bf2
Qc7 22. Be2 b6 23. Rad1 Rad8 24. Bh4 Rxd1 25. Rxd1 Ne5 26. Nd4 Bc4 27. Qa4 Bxe2
28. Nxe2 Qc4 29. Qxc4+ Nxc4 30. b3 Ne5 31. h3 g5 32. Be1 Nd3 33. Nd4 Bxd4 34.
cxd4 Rd8 35. Kg1 Rxd4 36. Bc3 Rd5 37. a4 Kf7 38. b4 Nxb4 0-1

[Event "CRO Team Cup"]
[Site "Mali Losinj"]
[Date "2017.05.10"]
[Round "1.101"]
[White "Bulic, Domagoj"]
[Black "Sedlak, Nikola"]
[Result "0-1"]
[WhiteElo "2187"]
[BlackElo "2523"]
[PlyCount "118"]
[EventDate "2017.??.??"]

1. c4 e5 2. Nc3 Nc6 3. d3 Bb4 4. e4 d6 5. Be2 f5 6. exf5 Bxf5 7. Bh5+ g6 8. Bf3
Nd4 9. Bxb7 Rb8 10. Be4 Bxe4 11. dxe4 Qh4 12. Kf1 Nf6 13. g3 Qg4 14. Qxg4 Nxg4
15. Nd5 O-O 16. f4 Bc5 17. h3 Nf6 18. Nxf6+ Rxf6 19. Ne2 Nc2 20. Rb1 Na3 21.
Ra1 Nxc4 22. Kg2 Re8 23. b3 exf4 24. Nxf4 Ne3+ 25. Bxe3 Bxe3 26. Rhf1 Bxf4 27.
Rxf4 Rxf4 28. gxf4 Rxe4 29. Kf3 Rd4 30. Rc1 c5 31. Ke3 Kf7 32. a3 a5 33. h4 Kf6
34. h5 gxh5 35. Rg1 Rd5 36. Rg8 h4 37. Rf8+ Ke7 38. Ra8 Rh5 39. Kf2 h3 40. Kg1
h2+ 41. Kh1 Rh3 42. Rxa5 Rxb3 43. Kxh2 Ke6 44. a4 Rf3 45. Ra8 Rxf4 46. a5 Ra4
47. a6 Kd5 48. a7 Ra3 49. Kg2 h5 50. Kh2 h4 51. Kg2 c4 52. Kh2 Kd4 53. Rd8 Rxa7
54. Rxd6+ Ke3 55. Rc6 Kd3 56. Kh3 c3 57. Kxh4 Ra4+ 58. Kg3 c2 59. Kf3 Rc4 0-1

[Event "CRO Team Cup"]
[Site "Mali Losinj"]
[Date "2017.05.10"]
[Round "1.102"]
[White "Krstic, Uros"]
[Black "Barcal, Aleksandar"]
[Result "1-0"]
[WhiteElo "2383"]
[BlackElo "2001"]
[PlyCount "45"]
[EventDate "2017.??.??"]

1. e4 e6 2. d4 d5 3. Nd2 dxe4 4. Nxe4 Bd7 5. Nf3 Bc6 6. Bd3 Nd7 7. O-O Ngf6 8.
Ned2 b6 9. Re1 Be7 10. c3 O-O 11. Nc4 Bb7 12. h3 c5 13. Bf4 cxd4 14. Nxd4 Nc5
15. Bf1 Nd5 16. Bh2 a5 17. Qc2 Ba6 18. Nc6 Qe8 19. Nxe7+ Qxe7 20. Bd6 Qg5 21.
Re5 f5 22. Rxd5 exd5 23. Nxb6 1-0

[Event "CRO Team Cup"]
[Site "Mali Losinj"]
[Date "2017.05.10"]
[Round "1.103"]
[White "Kovacevic, Matija"]
[Black "Trbojevic, Mladen"]
[Result "0-1"]
[WhiteElo "1993"]
[BlackElo "2346"]
[PlyCount "46"]
[EventDate "2017.??.??"]

1. d4 Nf6 2. Nf3 g6 3. g3 Bg7 4. Bg2 O-O 5. O-O d5 6. c4 dxc4 7. Na3 c3 8. bxc3
c5 9. Nc4 Nd5 10. Bd2 Nc6 11. Nce5 Nxe5 12. Nxe5 Be6 13. a4 Bxe5 14. dxe5 Qc7
15. Rb1 Rad8 16. Qc1 c4 17. e4 Nb6 18. Be3 Nd7 19. Qa3 Nxe5 20. Bxa7 Rd3 21.
Be3 Qd7 22. Rb5 Ng4 23. Bd4 Qxd4 0-1

[Event "CRO Team Cup"]
[Site "Mali Losinj"]
[Date "2017.05.10"]
[Round "1.104"]
[White "Vucic, Mihovil"]
[Black "Juras, Zvonko"]
[Result "1/2-1/2"]
[WhiteElo "2167"]
[BlackElo "1914"]
[PlyCount "134"]
[EventDate "2017.??.??"]

1. e4 e5 2. Nf3 Nc6 3. Bc4 Bc5 4. c3 Nf6 5. d4 exd4 6. cxd4 Bb4+ 7. Bd2 Bxd2+
8. Nbxd2 O-O 9. e5 Ne8 10. d5 Ne7 11. Ne4 d6 12. e6 fxe6 13. dxe6 d5 14. Nfg5
c6 15. Nxh7 Qa5+ 16. Kf1 dxe4 17. Nxf8 Kxf8 18. h4 Qe5 19. Qg4 Nf6 20. Qg5 Qf5
21. Rd1 Bxe6 22. Bxe6 Qxe6 23. h5 Qg4 24. Qxg4 Nxg4 25. Rh4 Nf6 26. g4 g5 27.
hxg6 Nxg6 28. Rh6 Kg7 29. g5 Nd5 30. Ke2 Rf8 31. Rdh1 Rh8 32. Rxh8 Nxh8 33. Rh4
Nf7 34. Rxe4 Nxg5 35. Re8 b6 36. Kd3 Kf7 37. Rc8 Ke7 38. a3 Kd7 39. Rg8 Ne6 40.
Rh8 a5 41. Ke4 Nc5+ 42. Kd4 Kd6 43. Rh6+ Kd7 44. Rg6 Kc7 45. Rh6 Kd7 46. Kc4
Ne4 47. Rh2 Ke6 48. f3 Nd6+ 49. Kd4 Nf5+ 50. Ke4 Nd6+ 51. Kd3 Nf5 52. Rc2 Kd6
53. Rc4 b5 54. Rg4 Ke5 55. Re4+ Kf6 56. b3 Nd6 57. Rh4 Nf5 58. Rh8 Ke5 59. Ra8
Kf4 60. Rxa5 Kxf3 61. a4 Nb4+ 62. Kd2 Ke4 63. axb5 cxb5 64. Rxb5 Nd5 65. Rb8
Kd4 66. Rc8 Nd6 67. Rc6 Ne4+ 1/2-1/2

[Event "CRO Team Cup"]
[Site "Mali Losinj"]
[Date "2017.05.10"]
[Round "1.111"]
[White "Brkic, Ante"]
[Black "Sasvari, Zelimir"]
[Result "1-0"]
[WhiteElo "2553"]
[BlackElo "2199"]
[PlyCount "43"]
[EventDate "2017.??.??"]

1. e4 c5 2. Nf3 e6 3. d4 cxd4 4. Nxd4 Nc6 5. Nc3 Qc7 6. Be3 a6 7. Be2 Nf6 8.
O-O d6 9. f4 Bd7 10. a4 Be7 11. Nb3 Na5 12. e5 dxe5 13. fxe5 Nxb3 14. exf6 Bc5
15. Bxc5 Nxc5 16. fxg7 Rg8 17. Qd4 Rd8 18. Bh5 Bc8 19. Bxf7+ Qxf7 20. Qxd8+
Kxd8 21. Rxf7 Nd7 22. Ne4 1-0

[Event "CRO Team Cup"]
[Site "Mali Losinj"]
[Date "2017.05.10"]
[Round "1.112"]
[White "Susnjar, Miroslav"]
[Black "Stocko, Josip"]
[Result "0-1"]
[WhiteElo "2160"]
[BlackElo "2331"]
[PlyCount "74"]
[EventDate "2017.??.??"]

1. d4 Nf6 2. c4 e6 3. Nf3 Bb4+ 4. Nbd2 O-O 5. g3 b6 6. Bg2 Bb7 7. O-O d5 8. Ne5
Nbd7 9. Ndf3 h6 10. Qa4 Bd6 11. Bf4 a6 12. Rfc1 dxc4 13. Qxc4 b5 14. Qc2 Be4
15. Qd1 Nb6 16. b3 Ba3 17. Nc6 Qe8 18. Nfe5 Bxg2 19. Kxg2 Bxc1 20. Rxc1 Nbd5
21. Bd2 Ne4 22. Be1 f6 23. Nf3 a5 24. Qd3 Nd6 25. e4 Qg6 26. Qc2 Qxe4 27. Qxe4
Nxe4 28. Bxa5 Ra6 29. b4 Kf7 30. a4 bxa4 31. b5 Raa8 32. Bxc7 Nxc7 33. b6 Na6
34. b7 Rae8 35. Ra1 Nb8 36. d5 exd5 37. Nfd4 Nc5 0-1

[Event "CRO Team Cup"]
[Site "Mali Losinj"]
[Date "2017.05.10"]
[Round "1.113"]
[White "Goric, Esad"]
[Black "Kovacevic, Srecko"]
[Result "1-0"]
[WhiteElo "2279"]
[BlackElo "2102"]
[PlyCount "123"]
[EventDate "2017.??.??"]

1. c4 Nf6 2. Nc3 c5 3. Nf3 Nc6 4. d4 cxd4 5. Nxd4 d6 6. e3 g6 7. Be2 Bg7 8. O-O
O-O 9. b3 a6 10. Bb2 Bd7 11. Rc1 Rc8 12. Qd2 Qb6 13. Rfd1 Nxd4 14. exd4 e6 15.
Bf3 Rfd8 16. g3 Bc6 17. d5 exd5 18. Nxd5 Bxd5 19. Bxd5 Nxd5 20. Bxg7 Kxg7 21.
Qxd5 Qb4 22. Qd4+ Kg8 23. Qf6 Qa3 24. Rc2 b5 25. cxb5 axb5 26. Rxd6 Qxd6 27.
Qxd6 Rxd6 28. Rxc8+ Kg7 29. Rc5 Ra6 30. Rxb5 Rxa2 31. Rb7 Rb2 32. Kg2 h5 33. h4
Kf6 34. Kf3 Ke6 35. Ke3 f6 36. Rb5 Kd6 37. f3 Kc6 38. Rb8 Kd6 39. Kf4 Ke6 40.
Rb7 Rb1 41. b4 Rb3 42. Rb6+ Ke7 43. Ke4 Kf7 44. b5 Ke7 45. Rb8 Ke6 46. Rb6+ Ke7
47. Kd5 Rd3+ 48. Ke4 Rb3 49. g4 Rb4+ 50. Kd5 hxg4 51. fxg4 Rxg4 52. Rb7+ Kf8
53. b6 Rb4 54. Kc5 Rxh4 55. Ra7 Rh1 56. Ra8+ Ke7 57. b7 Rb1 58. b8=Q Rxb8 59.
Rxb8 Ke6 60. Kd4 Kf5 61. Ke3 Kg4 62. Rb1 1-0

[Event "CRO Team Cup"]
[Site "Mali Losinj"]
[Date "2017.05.10"]
[Round "1.114"]
[White "Sesar, Ante"]
[Black "Bubalovic, Davorin"]
[Result "0-1"]
[WhiteElo "1630"]
[BlackElo "2211"]
[PlyCount "54"]
[EventDate "2017.??.??"]

1. d4 Nf6 2. g3 c6 3. Bg2 d5 4. c3 g6 5. Nf3 Bg7 6. O-O O-O 7. Nbd2 a5 8. a4
Na6 9. Re1 Bf5 10. Nh4 Bg4 11. h3 Be6 12. e4 dxe4 13. Nxe4 Nxe4 14. Bxe4 Bxh3
15. g4 e5 16. g5 exd4 17. Qf3 Be6 18. Rd1 Nc5 19. Bc2 Bd5 20. Qg3 Nb3 21. Bxb3
Bxb3 22. Rd2 Re8 23. cxd4 Re1+ 24. Kh2 Bd5 25. Nf3 Bxf3 26. Qxf3 Qxg5 27. Qg3
Qh5+ 0-1

[Event "CRO Team Cup"]
[Site "Mali Losinj"]
[Date "2017.05.10"]
[Round "1.121"]
[White "Kelemen, Miljenko"]
[Black "Livaic, Leon"]
[Result "0-1"]
[WhiteElo "1969"]
[BlackElo "2464"]
[PlyCount "76"]
[EventDate "2017.??.??"]

1. d4 Nf6 2. Bf4 e6 3. e3 Be7 4. Bd3 d6 5. Nd2 Nbd7 6. Ngf3 b6 7. O-O Bb7 8. h3
c5 9. Re1 cxd4 10. exd4 O-O 11. Bh2 Re8 12. Ng5 h6 13. Ngf3 Qc7 14. Rc1 Bf8 15.
c4 Qd8 16. Bb1 Rc8 17. b4 e5 18. a3 a5 19. Qb3 axb4 20. axb4 b5 21. cxb5 Rxc1
22. Rxc1 e4 23. Ne1 Bd5 24. Qc3 Qb8 25. Nf1 Qxb5 26. Ne3 Nb6 27. N1c2 Rc8 28.
Qe1 Be6 29. Rd1 Bb3 30. d5 Qa4 31. Rd2 Nbxd5 32. Nxd5 Bxd5 33. Bf4 Bb3 34. Nd4
d5 35. Rb2 Bxb4 36. Qe3 Rc3 37. Qd2 Rd3 38. Qc1 Rd1+ 0-1

[Event "CRO Team Cup"]
[Site "Mali Losinj"]
[Date "2017.05.10"]
[Round "1.122"]
[White "Vujakovic, Branko"]
[Black "Florjan, Mladen"]
[Result "1-0"]
[WhiteElo "2349"]
[BlackElo "2001"]
[PlyCount "65"]
[EventDate "2017.??.??"]

1. e4 c5 2. Nf3 d6 3. d4 cxd4 4. Nxd4 Nf6 5. Nc3 a6 6. Be2 e5 7. Nb3 Be7 8. O-O
O-O 9. Be3 Be6 10. f4 exf4 11. Rxf4 Nc6 12. Nd4 Nxd4 13. Bxd4 Nd7 14. Rf1 Ne5
15. Be3 Nc4 16. Bxc4 Bxc4 17. Rf2 Bf6 18. Bd4 Be5 19. Rd2 Qg5 20. Bxe5 dxe5 21.
Qe1 Rad8 22. Rad1 Qe7 23. Qe3 Rxd2 24. Rxd2 Qb4 25. b3 Be6 26. a4 f6 27. Nd5
Bxd5 28. Rxd5 b5 29. axb5 axb5 30. h3 Rc8 31. Qd3 Qc3 32. Rd8+ Kf7 33. Qd7+ 1-0

[Event "CRO Team Cup"]
[Site "Mali Losinj"]
[Date "2017.05.10"]
[Round "1.123"]
[White "Spiranec, Miljenko"]
[Black "Blazeka, Matej"]
[Result "0-1"]
[WhiteElo "1808"]
[BlackElo "2333"]
[PlyCount "96"]
[EventDate "2017.??.??"]

1. Nf3 c5 2. g3 Nc6 3. Bg2 e5 4. d3 d5 5. O-O f6 6. Nbd2 Be6 7. e4 Nge7 8. Re1
Qd7 9. Nf1 d4 10. a4 c4 11. dxc4 Bxc4 12. b3 Be6 13. Ba3 Nc8 14. Bxf8 Kxf8 15.
c3 dxc3 16. Qxd7 Bxd7 17. Rac1 Be6 18. Rxc3 Nb6 19. Ne3 Rd8 20. Bf1 Kf7 21. Nc4
Bxc4 22. Bxc4+ Nxc4 23. Rxc4 Rd3 24. Re3 Rxe3 25. fxe3 Rd8 26. Rc1 Rd3 27. b4
Rxe3 28. b5 Rxf3 29. bxc6 bxc6 30. Rxc6 Rd3 31. Rc7+ Kg6 32. Rc4 Rd4 33. Rc7
Rxa4 34. Kg2 Rxe4 35. Rxa7 Re2+ 36. Kg1 h5 37. h3 Kh6 38. Ra6 Kg5 39. Ra4 Rd2
40. Rb4 Kf5 41. Ra4 g5 42. Rb4 e4 43. Rb5+ Ke6 44. h4 gxh4 45. gxh4 f5 46. Rb6+
Ke5 47. Rh6 e3 48. Rxh5 Rd1+ 0-1

[Event "CRO Team Cup"]
[Site "Mali Losinj"]
[Date "2017.05.11"]
[Round "2.11"]
[White "Zovko, Mario"]
[Black "Stevic, Hrvoje"]
[Result "0-1"]
[WhiteElo "2325"]
[BlackElo "2600"]
[PlyCount "58"]
[EventDate "2017.??.??"]

1. e4 e5 2. Nf3 Nc6 3. Nc3 Nf6 4. d4 exd4 5. Nxd4 Bc5 6. Be3 Bb6 7. Qd2 Ng4 8.
Bg5 f6 9. Nxc6 Bxf2+ 10. Qxf2 dxc6 11. Bxf6 Qxf6 12. Qxf6 gxf6 13. h3 Ne5 14.
Bd3 Ke7 15. Kf2 Be6 16. Rad1 Rad8 17. Rhe1 Rd6 18. Be2 b5 19. b3 a5 20. Bf3 a4
21. Rxd6 cxd6 22. bxa4 b4 23. Nd1 Ra8 24. Nb2 c5 25. Be2 Bd7 26. Rc1 Bxa4 27.
c3 Bc6 28. cxb4 Rxa2 29. Rc2 Bxe4 0-1

[Event "CRO Team Cup"]
[Site "Mali Losinj"]
[Date "2017.05.11"]
[Round "2.12"]
[White "Palac, Mladen"]
[Black "Mrdja, Milan"]
[Result "1/2-1/2"]
[WhiteElo "2573"]
[BlackElo "2229"]
[PlyCount "45"]
[EventDate "2017.??.??"]

1. d4 g6 2. e4 Bg7 3. c4 c5 4. Nf3 cxd4 5. Nxd4 Nc6 6. Be3 d6 7. Nc3 Nf6 8. Be2
O-O 9. O-O Bd7 10. Nb3 b6 11. f4 Rc8 12. Rc1 Be8 13. Rf2 Qc7 14. Bf3 Nd7 15.
Bg4 Rb8 16. Rd2 Nc5 17. Bf3 Qc8 18. g3 Kh8 19. Qe2 Bd7 20. Na1 Be6 21. Nd5 a5
22. b3 f5 23. exf5 1/2-1/2

[Event "CRO Team Cup"]
[Site "Mali Losinj"]
[Date "2017.05.11"]
[Round "2.13"]
[White "Rosandic, Denis"]
[Black "Kozul, Zdenko"]
[Result "0-1"]
[WhiteElo "2242"]
[BlackElo "2617"]
[PlyCount "110"]
[EventDate "2017.??.??"]

1. e4 c5 2. c3 Nf6 3. e5 Nd5 4. d4 cxd4 5. cxd4 d6 6. Nf3 Nc6 7. Bc4 Nb6 8. Bb5
dxe5 9. Nxe5 Bd7 10. Bxc6 Bxc6 11. Nxc6 bxc6 12. O-O e6 13. Nc3 Be7 14. Qg4 O-O
15. Bh6 Bf6 16. Rad1 Nd5 17. Ne4 Kh8 18. Bf4 Be7 19. Qf3 Nxf4 20. Qxf4 Qb8 21.
Qc1 Qb5 22. Nc3 Qa6 23. Rfe1 Rfd8 24. d5 cxd5 25. Nxd5 Rdc8 26. Qf4 Bd6 27. Nb4
Bxf4 28. Nxa6 Kg8 29. Rd7 Rc2 30. Red1 Bg5 31. Rb7 Bf6 32. g3 Rxb2 33. Rxb2
Bxb2 34. Rd7 h5 35. Kg2 Bf6 36. Kf3 Bd8 37. Nb4 Bf6 38. Na6 Kf8 39. h4 Bd8 40.
Nb4 Bb6 41. Nc6 Rc8 42. Ne5 Rc5 43. Nd3 Ra5 44. a4 Rxa4 45. Ne5 Ke8 46. Rb7 Ra2
47. Rb8+ Ke7 48. Rb7+ Kd6 49. Nxf7+ Kc6 50. Re7 Rxf2+ 51. Ke4 Re2+ 52. Kf4 Bd4
53. Ng5 a5 54. Ne4 e5+ 55. Kf5 g6+ 0-1

[Event "CRO Team Cup"]
[Site "Mali Losinj"]
[Date "2017.05.11"]
[Round "2.14"]
[White "Jankovic, Alojzije"]
[Black "Raguz, Darko"]
[Result "1-0"]
[WhiteElo "2582"]
[BlackElo "2102"]
[PlyCount "53"]
[EventDate "2017.??.??"]
[WhiteClock "0:00:12"]
[BlackClock "0:00:11"]

1. d4 Nf6 2. c4 e6 3. Nc3 d5 4. Nf3 Bb4 5. cxd5 exd5 6. Bg5 h6 7. Bh4 Bf5 8.
Qb3 Nc6 9. e3 g5 10. Bg3 Ne4 11. Bb5 O-O 12. Ne5 Bxc3+ 13. bxc3 Nxe5 14. Bxe5
c6 15. Be2 f6 16. Bg3 Qa5 17. Rc1 b5 18. Qb2 Nxg3 19. hxg3 Kg7 20. O-O Rab8 21.
Ra1 Rfc8 22. Rfc1 Be4 23. Qb4 Qb6 24. Qe7+ Kg6 25. f3 Rb7 26. Qe6 Bf5 27. Bd3
1-0

[Event "CRO Team Cup"]
[Site "Mali Losinj"]
[Date "2017.05.11"]
[Round "2.21"]
[White "Saric, Ivan"]
[Black "Sprenger, Jan Michael"]
[Result "1/2-1/2"]
[WhiteElo "2618"]
[BlackElo "2520"]
[PlyCount "85"]
[EventDate "2017.??.??"]

1. e4 c5 2. Nf3 e6 3. d4 cxd4 4. Nxd4 a6 5. Bd3 Bc5 6. Nb3 Ba7 7. Qe2 Nc6 8.
Be3 d6 9. c4 e5 10. O-O Nge7 11. Bxa7 Rxa7 12. Nc3 O-O 13. Qe3 Be6 14. Rfd1 Qb8
15. Rac1 Rd8 16. Nd5 a5 17. Be2 b6 18. Nc3 a4 19. Na1 Nd4 20. Nc2 Nec6 21. Nb5
Nxe2+ 22. Qxe2 Rad7 23. Ne3 Na7 24. Nc3 Nc6 25. Nxa4 Nd4 26. Qd3 b5 27. cxb5
Bxa2 28. Nf5 Nxb5 29. Qg3 g6 30. Rd3 Be6 31. Qh4 gxf5 32. Qg5+ Kf8 33. exf5
Bxf5 34. Qxf5 Nd4 35. Qh5 Ra7 36. Nc3 Qxb2 37. Qh6+ Ke8 38. Rxd4 exd4 39. Nd5
Ra1 40. Nf6+ Ke7 41. Nd5+ Ke8 42. Nf6+ Ke7 43. Nd5+ 1/2-1/2

[Event "CRO Team Cup"]
[Site "Mali Losinj"]
[Date "2017.05.11"]
[Round "2.22"]
[White "Rade, Miroslav"]
[Black "Markus, Robert"]
[Result "1/2-1/2"]
[WhiteElo "2434"]
[BlackElo "2673"]
[PlyCount "80"]
[EventDate "2017.??.??"]

1. e4 c5 2. Nf3 e6 3. d4 cxd4 4. Nxd4 a6 5. Bd3 Ne7 6. O-O Nec6 7. c3 Bc5 8.
Be3 d6 9. a4 O-O 10. Nd2 Nd7 11. h3 Ba7 12. Qe2 Nf6 13. Rfd1 Qc7 14. Nxc6 bxc6
15. Bxa7 Rxa7 16. e5 dxe5 17. Nc4 Nd7 18. a5 f5 19. f3 Rb7 20. Kh1 Rb8 21. Rd2
c5 22. Bc2 Bb7 23. Ba4 Nf6 24. Qxe5 Qxe5 25. Nxe5 Rfd8 26. Rad1 Rd5 27. Rxd5
exd5 28. Nd7 Nxd7 29. Bxd7 g6 30. Be6+ Kg7 31. Bxd5 Bxd5 32. Rxd5 c4 33. Rd7+
Kh6 34. Rc7 Rxb2 35. Rxc4 Rb5 36. Ra4 Rb3 37. Rc4 Rb5 38. Rc7 Rxa5 39. h4 g5
40. hxg5+ Kxg5 1/2-1/2